[Event "DEN-ch"]
[Site "Svendborg"]
[Date "2024.03.30"]
[Round "8"]
[White "Ramsdal, Jens Albert"]
[Black "Borge, Nikolaj"]
[Result "1-0"]
[WhiteElo "2378"]
[BlackElo "2379"]
[PlyCount "115"]
[EventDate "2024.03.23"]
[EventType "tourn"]
[EventRounds "9"]
[EventCountry "DEN"]
[EventCategory "7"]
[SourceTitle "CB14_2024"]
[SourceDate "2024.04.01"]
[SourceVersion "1"]
[SourceVersionDate "2024.04.01"]
[SourceQuality "1"]

1. d4 d5 2. c4 dxc4 3. e3 Nf6 4. Bxc4 e6 5. Nf3 a6 6. 0-0 c5 7. Nbd2 cxd4 8. Nxd4 e5 9. N4f3 Bd6 10. Ng5 0-0 11. Ndf3 Qc7 12. Qd3 h6 13. Ne4 Nxe4 14. Qxe4 Nd7 15. Rd1 Nc5 16. Qh4 Bf5 17. b3 Bc2 18. Rd2 Bh7 19. Bb2 b5 20. Bd5 Rad8 21. e4 Kh8 22. Rc1 b4 23. Ne1 Qb8 24. Nd3 Nxd3 25. Rxd3 f6 26. Rcd1 Bc5 27. Bc1 Qb6 28. Be3 Bxe3 29. Rxe3 Qc5 30. Red3 f5 31. exf5 Bxf5 32. R3d2 Bc2 33. Bc4 Rxd2 34. Rxd2 Bh7 35. Rd5 Qc7 36. Qg3 Re8 37. Qe3 Bg8 38. Rc5 Qd6 39. Bf1 Qd4 40. h3 Qa1 41. Rc7 Rd8 42. Kh2 a5 43. Re7 Rf8 44. Bd3 a4 45. bxa4 Qxa2 46. Qxe5 Rf7 47. Re6 Qd2 48. f4 Qxf4+ 49. Qxf4 Rxf4 50. Re8 b3 51. a5 Ra4 52. a6 b2 53. Rb8 g5 54. Rxb2 Bd5 55. Rb5 Bc6 56. Rb6 Bd5 57. Rxh6+ Kg7 58. Rg6+ 1-0

[Event "DEN-ch"]
[Site "Svendborg"]
[Date "2024.03.26"]
[Round "4"]
[White "Ramsdal, Jens Albert"]
[Black "Liu, Casper Yukun"]
[Result "0-1"]
[WhiteElo "2378"]
[BlackElo "2283"]
[PlyCount "82"]
[EventDate "2024.03.23"]
[EventType "tourn"]
[EventRounds "9"]
[EventCountry "DEN"]
[EventCategory "7"]
[SourceTitle "CB14_2024"]
[SourceDate "2024.04.01"]
[SourceVersion "1"]
[SourceVersionDate "2024.04.01"]
[SourceQuality "1"]

1. d4 Nf6 2. c4 c5 3. d5 b5 4. cxb5 a6 5. bxa6 e6 6. dxe6 fxe6 7. e3 Be7 8. Nf3 0-0 9. Nbd2 d5 10. b3 Nc6 11. Bb2 Qa5 12. a3 e5 13. b4 Qb6 14. b5 e4 15. Ng5 Ng4 16. Ndxe4 dxe4 17. Qd5+ Kh8 18. Nf7+ Rxf7 19. Qxf7 Qa5+ 20. Kd1 Qd8+ 21. Kc2 Nce5 22. Qb3 Qb6 23. Bxe5 Nxe5 24. Qd5 Qb8 25. Rb1 Bd7 26. Be2 c4 27. a4 Be8 28. Rhd1 Nd3 29. f3 Rxa6 30. Qxc4 Ra7 31. Kd2 Bf7 32. Qd4 Bf6 33. Qxe4 Bg6 34. Qc6 Ne5 35. Qe6 Re7 36. Qa2 Qb6 37. Rb3 Qa5+ 38. Rc3 Nxf3+ 39. Bxf3 Qxc3+ 40. Ke2 Qxe3+ 41. Kf1 Bd3+ 0-1

[Event "DEN-ch"]
[Site "Svendborg"]
[Date "2024.03.25"]
[Round "3"]
[White "Ramsdal, Jens Albert"]
[Black "Ochsner, Bjorn Moller"]
[Result "0-1"]
[WhiteElo "2378"]
[BlackElo "2518"]
[PlyCount "112"]
[EventDate "2024.03.23"]
[EventType "tourn"]
[EventRounds "9"]
[EventCountry "DEN"]
[EventCategory "7"]
[SourceTitle "CB14_2024"]
[SourceDate "2024.04.01"]
[SourceVersion "1"]
[SourceVersionDate "2024.04.01"]
[SourceQuality "1"]

1. d4 Nf6 2. c4 c5 3. d5 e6 4. Nf3 exd5 5. cxd5 d6 6. Nc3 g6 7. Nd2 Bg7 8. e4 0-0 9. Be2 Na6 10. 0-0 Nc7 11. a4 Re8 12. Re1 Rb8 13. Qc2 a6 14. a5 Bd7 15. Nf1 b5 16. axb6 Rxb6 17. Bd2 Qb8 18. Ra2 Rb4 19. f3 Nh5 20. Nd1 f5 21. Bxb4 Qxb4 22. Qd2 Qd4+ 23. Qxd4 Bxd4+ 24. Kh1 fxe4 25. Bxa6 Nxa6 26. Rxa6 Bb5 27. Rxd6 Bxf1 28. Rxf1 e3 29. Re6 Rxe6 30. dxe6 e2 31. Re1 exd1Q 32. Rxd1 Bf6 33. b3 Nf4 34. Re1 Kf8 35. g3 Nd3 36. Re3 Nb4 37. f4 Ke7 38. Kg2 Nc2 39. Re4 Nd4 40. g4 Nxb3 41. Ra4 Kxe6 42. Ra6+ Kf7 43. Ra7+ Be7 44. Kf3 Nd2+ 45. Ke2 Ne4 46. Rc7 Nc3+ 47. Kf3 Nb5 48. Rc8 Ke6 49. g5 Kd5 50. h4 c4 51. Re8 Nd4+ 52. Kg4 Bd6 53. Rc8 Bc5 54. Rd8+ Kc6 55. Re8 c3 56. Re3 Bb4 0-1

[Event "Titled Tuesday intern op 27th Feb Late"]
[Site "Chess.com INT"]
[Date "2024.02.27"]
[Round "4"]
[White "Ramsdal, Jens Albert"]
[Black "Dias, Joao Batista de Sou"]
[Result "1-0"]
[WhiteElo "2385"]
[BlackElo "1746"]
[PlyCount "115"]
[EventDate "2024.02.27"]
[EventType "swiss (blitz)"]
[EventRounds "11"]
[EventCountry "USA"]
[SourceTitle "CB10_2024"]
[SourceDate "2024.03.06"]
[SourceVersion "1"]
[SourceVersionDate "2024.03.06"]
[SourceQuality "1"]

1. Nf3 Nf6 2. e3 c5 3. c4 g6 4. Nc3 Bg7 5. b3 0-0 6. Bb2 a6 7. Be2 d6 8. 0-0 e5 9. Qc2 Nc6 10. Rad1 Bf5 11. e4 Bg4 12. Nd5 Bxf3 13. Bxf3 Nd4 14. Bxd4 cxd4 15. d3 Rc8 16. Qd2 Nd7 17. b4 Kh8 18. Bg4 f5 19. exf5 gxf5 20. Bh3 Qh4 21. a4 Rce8 22. b5 axb5 23. axb5 Nc5 24. Qe2 e4 25. dxe4 fxe4 26. Qg4 Qxg4 27. Bxg4 Nd3 28. h4 Be5 29. g3 Kg7 30. Kg2 Ra8 31. Be2 Nc5 32. Ra1 d3 33. Rxa8 Rxa8 34. Bg4 Ra2 35. Ne3 Kf6 36. Bc8 b6 37. Ng4+ Ke7 38. Ne3 Ne6 39. Nd5+ Kd8 40. Bxe6 Bd4 41. Bf5 e3 42. Bxd3 exf2 43. Bxh7 Ke8 44. Bg6+ Kf8 45. g4 Kg7 46. Be4 Re2 47. Bf3 Rc2 48. g5 Rxc4 49. h5 Rc5 50. Be4 Rxb5 51. h6+ Kh8 52. g6 Rb2 53. Rc1 f1Q+ 54. Kxf1 Rf2+ 55. Ke1 Rf8 56. Rc7 Be5 57. Rh7+ Kg8 58. Ne7# 1-0

[Event "DEN-chT 2324 61st"]
[Site "Denmark"]
[Date "2024.01.28"]
[Round "6.1"]
[White "Ramsdal, Jens Albert"]
[Black "Brunello, Sabino"]
[Result "0-1"]
[WhiteElo "2399"]
[BlackElo "2512"]
[PlyCount "90"]
[EventDate "2023.10.28"]
[EventType "team-tourn"]
[EventRounds "9"]
[EventCountry "DEN"]
[SourceTitle "CB11_2024"]
[SourceDate "2024.03.13"]
[SourceVersion "1"]
[SourceVersionDate "2024.03.13"]
[SourceQuality "1"]
[WhiteTeam "Copenhagen 68"]
[BlackTeam "Koge"]
[WhiteTeamCountry "DEN"]
[BlackTeamCountry "DEN"]

1. d4 Nf6 2. c4 g6 3. Nc3 d5 4. cxd5 Nxd5 5. e4 Nxc3 6. bxc3 Bg7 7. Bc4 c5 8. Ne2 Nc6 9. Be3 0-0 10. 0-0 Bg4 11. f3 Na5 12. Bxf7+ Rxf7 13. fxg4 Rxf1+ 14. Kxf1 Qd6 15. Kg1 Qe6 16. Qd3 Qxg4 17. dxc5 Nc6 18. h3 Qc8 19. Rb1 Kh8 20. Nd4 Na5 21. Nf3 Qg8 22. a4 Rd8 23. Bd4 Nc6 24. Rxb7 e5 25. Ng5 exd4 26. Nf7+ Qxf7 27. Rxf7 Ne5 28. Qf1 Nxf7 29. Qxf7 dxc3 30. Qb3 Bd4+ 31. Kf1 Rf8+ 32. Ke1 Be5 33. c6 c2 34. Qc4 Bf4 35. Qxc2 Bg3+ 36. Kd1 Rf1+ 37. Ke2 Rf2+ 38. Kd3 Rxc2 39. Kxc2 Kg7 40. Kd3 Kf6 41. Kc4 a6 42. Kd5 Bc7 43. h4 h5 44. e5+ Bxe5 45. Kc5 Bc7 0-1

[Event "Copenhagen Obro CXU New Year op"]
[Site "Copenhagen"]
[Date "2023.12.28"]
[Round "4"]
[White "Hansen, Soren Bech"]
[Black "Ramsdal, Jens Albert"]
[Result "1/2-1/2"]
[WhiteElo "2204"]
[BlackElo "2420"]
[PlyCount "127"]
[EventDate "2023.12.27"]
[EventType "swiss"]
[EventRounds "7"]
[EventCountry "DEN"]
[SourceTitle "CB01_2024"]
[SourceDate "2024.01.03"]
[SourceVersion "1"]
[SourceVersionDate "2024.01.03"]
[SourceQuality "1"]

1. e4 c5 2. Nf3 d6 3. Bb5+ Bd7 4. Bxd7+ Nxd7 5. c3 Ngf6 6. Qe2 e6 7. d4 Be7 8. e5 Nd5 9. c4 Nc7 10. Bf4 d5 11. b3 dxc4 12. bxc4 cxd4 13. Nxd4 g5 14. Bg3 Bb4+ 15. Kf1 Qe7 16. a3 Bc5 17. Nb3 0-0-0 18. h4 h6 19. Kg1 Kb8 20. a4 Bb4 21. N1d2 Nc5 22. hxg5 Nxb3 23. Nxb3 hxg5 24. Rxh8 Rxh8 25. Qf3 Qd7 26. Rb1 Na6 27. Qe3 Rd8 28. Qxg5 Qd3 29. Rc1 Rh8 30. Qe3 Qh7 31. Kf1 Nc5 32. Nxc5 Bxc5 33. Qf4 Qh1+ 34. Ke2 Qxg2 35. Qf3 Qxf3+ 36. Kxf3 Rd8 37. Ke2 Kc7 38. Rd1 Rxd1 39. Kxd1 Kc6 40. Kc2 Bb6 41. f3 Kc5 42. Kc3 Ba5+ 43. Kb3 Kd4 44. Bf2+ Kxe5 45. Bxa7 f5 46. Be3 f4 47. Bc1 Be1 48. Bb2+ Kd6 49. Ba3+ Kc6 50. Kc2 Kb6 51. Bc1 e5 52. Bb2 e4 53. Kd1 Bf2 54. fxe4 Kc5 55. Ke2 Be3 56. Kd3 Kb4 57. e5 Bc5 58. e6 f3 59. Bc3+ Kxa4 60. Be1 b5 61. Bf2 bxc4+ 62. Kxc4 Be7 63. Kd5 Kb5 64. Ke4 1/2-1/2

[Event "Malmo op"]
[Site "Malmo"]
[Date "2023.12.17"]
[Round "7"]
[White "Meskenas, Paulius"]
[Black "Ramsdal, Jens Albert"]
[Result "1-0"]
[WhiteElo "2131"]
[BlackElo "2420"]
[PlyCount "111"]
[EventDate "2023.12.15"]
[EventType "swiss"]
[EventRounds "8"]
[EventCountry "SWE"]
[SourceTitle "CB51_2023"]
[SourceDate "2023.12.20"]
[SourceVersion "1"]
[SourceVersionDate "2023.12.20"]
[SourceQuality "1"]

1. e4 e6 2. d4 d5 3. Nc3 Bb4 4. e5 c5 5. a3 Bxc3+ 6. bxc3 Ne7 7. Qg4 Qc7 8. Bd2 cxd4 9. cxd4 Qxc2 10. Ne2 Nbc6 11. Qxg7 Rg8 12. Qh6 Bd7 13. Rc1 Qa4 14. Qxh7 Nxd4 15. Nxd4 Qxd4 16. f4 Rg6 17. Qh8+ Ng8 18. Qh3 Bc6 19. Bd3 Rg7 20. Rf1 Kd7 21. g4 Rxg4 22. Qxg4 Qxd3 23. Qg3 Qe4+ 24. Qe3 Qxe3+ 25. Bxe3 Ne7 26. Rc2 Nf5 27. Bc5 Ba4 28. Rc3 Bb5 29. Rf2 b6 30. Be3 Rg8 31. Rd2 Rg4 32. a4 Bxa4 33. Ra2 b5 34. Bxa7 Rxf4 35. Bb8 Re4+ 36. Kd2 Rd4+ 37. Ke1 Rc4 38. Rxc4 dxc4 39. Rd2+ Kc6 40. Bd6 f6 41. Bb4 fxe5 42. Rd8 Nd4 43. Kd2 Nf5 44. h4 e4 45. h5 e3+ 46. Kc1 c3 47. Bxc3 Kc5 48. Rc8+ Kd5 49. Bg7 e2 50. Kd2 Ke4 51. h6 Kf3 52. h7 Kf2 53. Rc1 Nd6 54. Bd4+ Kf3 55. h8Q Ne4+ 56. Ke1 1-0

[Event "Malmo op"]
[Site "Malmo"]
[Date "2023.12.15"]
[Round "1"]
[White "Ramsdal, Jens Albert"]
[Black "Olsson, Tomas"]
[Result "1/2-1/2"]
[WhiteElo "2420"]
[BlackElo "1839"]
[PlyCount "116"]
[EventDate "2023.12.15"]
[EventType "swiss"]
[EventRounds "8"]
[EventCountry "SWE"]
[SourceTitle "CB51_2023"]
[SourceDate "2023.12.20"]
[SourceVersion "1"]
[SourceVersionDate "2023.12.20"]
[SourceQuality "1"]

1. d4 Nf6 2. e3 g6 3. Bd3 d6 4. Nf3 Nbd7 5. b3 Bg7 6. Bb2 0-0 7. 0-0 Re8 8. Nbd2 c6 9. Qe2 Qc7 10. Rfd1 e5 11. dxe5 dxe5 12. e4 Nh5 13. g3 Nc5 14. Nc4 Bg4 15. Qe3 Nxd3 16. Rxd3 Bxf3 17. Qxf3 Rad8 18. Rad1 Rxd3 19. Qxd3 b5 20. Ne3 h6 21. Qd7 Qxd7 22. Rxd7 Nf6 23. Rxa7 Nxe4 24. a4 Bf8 25. axb5 cxb5 26. Rb7 b4 27. Kg2 Bc5 28. Ng4 Re7 29. Rb8+ Kh7 30. f3 Nc3 31. Bc1 f5 32. Nxh6 e4 33. fxe4 fxe4 34. Ng4 e3 35. Nxe3 Bxe3 36. Bxe3 Rxe3 37. Rb7+ Kh6 38. Rxb4 Re2+ 39. Kh3 Rxc2 40. Rc4 Rc1 41. b4 Kg5 42. b5 Kf6 43. b6 g5 44. b7 Rb1 45. Rxc3 Rxb7 46. Rc6+ Kf5 47. Rc5+ Kf6 48. Kg4 Rb4+ 49. Kh3 Kg6 50. Rc3 Kf5 51. g4+ Kf4 52. Ra3 Rc4 53. Rb3 Rd4 54. Rg3 Rc4 55. Rg2 Rc3+ 56. Rg3 Rc4 57. Ra3 Rb4 58. Rc3 Rd4 1/2-1/2

[Event "Gothenburg Kvibergspelen"]
[Site "Gothenburg"]
[Date "2023.09.16"]
[Round "6"]
[White "Ramsdal, Jens Albert"]
[Black "Seo, Jung Min"]
[Result "0-1"]
[WhiteElo "2391"]
[BlackElo "2462"]
[PlyCount "52"]
[EventDate "2023.09.15"]
[EventType "swiss"]
[EventRounds "8"]
[EventCountry "SWE"]
[SourceTitle "EXT 2024"]
[Source "ChessBase"]
[SourceDate "2023.10.10"]
[SourceVersion "1"]
[SourceVersionDate "2023.10.10"]
[SourceQuality "1"]

1. d4 Nf6 2. c4 e6 3. Nf3 d5 4. Nc3 c6 5. e3 Nbd7 6. b3 Bb4 7. Bd2 0-0 8. Bd3 b6 9. a3 Bd6 10. 0-0 Bb7 11. Re1 c5 12. cxd5 exd5 13. dxc5 Nxc5 14. Bc2 Nce4 15. Nxe4 dxe4 16. Nd4 Be5 17. Bb4 Bxd4 18. exd4 Re8 19. Re3 Qd7 20. Rg3 Rac8 21. Bd2 Kh8 22. d5 Qxd5 23. Bc3 e3 24. Bxf6 exf2+ 25. Kxf2 gxf6 26. b4 Rxc2+ 0-1

[Event "Gothenburg Kvibergspelen"]
[Site "Gothenburg"]
[Date "2023.09.15"]
[Round "1"]
[White "Ramsdal, Jens Albert"]
[Black "Frisk, Anders"]
[Result "1-0"]
[WhiteElo "2391"]
[BlackElo "1835"]
[PlyCount "65"]
[EventDate "2023.09.15"]
[EventType "swiss"]
[EventRounds "8"]
[EventCountry "SWE"]
[SourceTitle "EXT 2024"]
[Source "ChessBase"]
[SourceDate "2023.10.10"]
[SourceVersion "1"]
[SourceVersionDate "2023.10.10"]
[SourceQuality "1"]

1. d4 f5 2. Bg5 g6 3. h4 Bg7 4. e3 Nc6 5. Nc3 d5 6. Nf3 h6 7. Bf4 a6 8. Bd3 Nf6 9. Be5 Be6 10. Ne2 Nb4 11. Nf4 Nxd3+ 12. cxd3 Bf7 13. Qb3 Qc8 14. Rc1 c6 15. Qb4 0-0 16. Qxe7 Re8 17. Qd6 Rd8 18. Qa3 Bf8 19. Qb3 Nd7 20. Rh3 Nxe5 21. Nxe5 g5 22. hxg5 hxg5 23. Rg3 g4 24. Ke2 Be7 25. Rh1 Bg5 26. Nxf7 Kxf7 27. Rh7+ Kg8 28. Rh5 Bxf4 29. exf4 Re8+ 30. Re3 Rxe3+ 31. fxe3 Qd7 32. Rg5+ Kf7 33. Rxf5+ 1-0

[Event "Skanderborg Smuk"]
[Site "Skanderborg"]
[Date "2023.08.19"]
[Round "8"]
[White "Rozentalis, Eduardas"]
[Black "Ramsdal, Jens Albert"]
[Result "0-1"]
[WhiteElo "2490"]
[BlackElo "2383"]
[PlyCount "120"]
[EventDate "2023.08.12"]
[EventType "tourn"]
[EventRounds "9"]
[EventCountry "DEN"]
[EventCategory "8"]
[SourceTitle "CBM 215 Extra"]
[Source "ChessBase"]
[SourceDate "2023.09.30"]
[SourceVersion "1"]
[SourceVersionDate "2023.09.30"]
[SourceQuality "1"]

1. e4 c5 2. Nf3 d6 3. Bb5+ Bd7 4. c4 Nf6 5. Nc3 g6 6. Bxd7+ Nbxd7 7. 0-0 Bg7 8. d3 0-0 9. h3 Ne5 10. Be3 Nfd7 11. Nxe5 Nxe5 12. f4 Nc6 13. f5 e6 14. Qg4 Bd4 15. Bxd4 Nxd4 16. f6 h6 17. Rf2 Kh7 18. Re1 a6 19. Re3 b5 20. h4 b4 21. Nd1 Qa5 22. h5 Rg8 23. e5 Nf5 24. Rh3 b3 25. axb3 Qe1+ 26. Rf1 Qxe5 27. Nf2 Ne3 28. hxg6+ Rxg6 29. Rxh6+ Kxh6 30. Qh3+ Qh5 31. Qxe3+ Kh7 32. Nh3 e5 33. Qe4 Rag8 34. Kf2 Kh8 35. Ke1 Qh6 36. Nf2 Rxg2 37. Ke2 Rh2 38. Qf3 Rgg2 39. Kd1 Qh5 40. Qxh5+ Rxh5 41. Ne4 Rh3 42. Kc1 Rxd3 43. Rh1+ Kg8 44. Nc3 Rdg3 45. Rh4 Rf2 46. Rh1 Rxf6 47. Ne4 Rfg6 48. Nxg3 Rxg3 49. Kc2 Rg2+ 50. Kc3 e4 51. Ra1 f5 52. Rxa6 Rg3+ 53. Kc2 Rd3 54. b4 cxb4 55. Ra5 b3+ 56. Kc1 f4 57. Rg5+ Kh7 58. Rg4 Rf3 59. Kd2 Kh6 60. Ke2 Kh5 0-1

[Event "Skanderborg Smuk"]
[Site "Skanderborg"]
[Date "2023.08.16"]
[Round "5"]
[White "Ramsdal, Jens Albert"]
[Black "Panjwani, Raja"]
[Result "1/2-1/2"]
[WhiteElo "2383"]
[BlackElo "2469"]
[PlyCount "73"]
[EventDate "2023.08.12"]
[EventType "tourn"]
[EventRounds "9"]
[EventCountry "DEN"]
[EventCategory "8"]
[SourceTitle "CBM 215 Extra"]
[Source "ChessBase"]
[SourceDate "2023.09.30"]
[SourceVersion "1"]
[SourceVersionDate "2023.09.30"]
[SourceQuality "1"]

1. d4 Nf6 2. c4 g6 3. Nc3 Bg7 4. e4 d6 5. h3 0-0 6. Be3 e5 7. d5 Na6 8. g4 Nc5 9. f3 a5 10. Nge2 c6 11. Ng3 h5 12. gxh5 Nxh5 13. Nxh5 Qh4+ 14. Kd2 Qxh5 15. Kc2 Bh6 16. Qd2 Bxe3 17. Qxe3 Qh4 18. Be2 f5 19. Rag1 Kh7 20. Rg5 Bd7 21. Rhg1 Rf6 22. Bd3 Raf8 23. dxc6 bxc6 24. exf5 Bxf5 25. Bxf5 Rxf5 26. R5g4 Qf6 27. Ne4 Nxe4 28. Qxe4 d5 29. cxd5 cxd5 30. Qxd5 Rxf3 31. a3 e4 32. Kb1 Rf2 33. Qb7+ Rf7 34. Qb8 Rf8 35. Qb7+ Rf7 36. Qb8 Rf8 37. Qb7+ 1/2-1/2

[Event "Skanderborg Smuk"]
[Site "Skanderborg"]
[Date "2023.08.13"]
[Round "2"]
[White "Thybo, Jesper Sondergaard"]
[Black "Ramsdal, Jens Albert"]
[Result "1-0"]
[WhiteElo "2542"]
[BlackElo "2383"]
[PlyCount "87"]
[EventDate "2023.08.12"]
[EventType "tourn"]
[EventRounds "9"]
[EventCountry "DEN"]
[EventCategory "8"]
[SourceTitle "CBM 215 Extra"]
[Source "ChessBase"]
[SourceDate "2023.09.30"]
[SourceVersion "1"]
[SourceVersionDate "2023.09.30"]
[SourceQuality "1"]

1. Nf3 d5 2. g3 Bg4 3. Bg2 c6 4. c4 e6 5. 0-0 Nf6 6. d4 Nbd7 7. Qb3 Qb6 8. Nc3 Be7 9. Rd1 0-0 10. Bf4 Rfe8 11. h3 Bf5 12. c5 Qxb3 13. axb3 Bc2 14. Rdc1 Bxb3 15. Nd2 Bc4 16. Nxc4 dxc4 17. Ra4 Nd5 18. Rxc4 Nxf4 19. gxf4 Rac8 20. Ra4 a6 21. e3 Rc7 22. Ne4 Nf6 23. Nd2 Nd5 24. Nc4 Rd7 25. Rd1 Nc7 26. Na5 Rb8 27. Nxb7 Nd5 28. Na5 Rxb2 29. Nc4 Rc2 30. Be4 Re2 31. Bd3 Nc3 32. Ra3 Rxe3 33. Rxc3 Rxh3 34. Ne5 Rc7 35. Kg2 Rh4 36. Kg3 Rh5 37. Be4 Bh4+ 38. Kg2 g5 39. Rh1 f5 40. Bf3 Rh6 41. fxg5 Bxg5 42. Rxh6 Bxh6 43. Bxc6 Bg7 44. Bd7 1-0

[Event "Skanderborg Smuk"]
[Site "Skanderborg"]
[Date "2023.08.12"]
[Round "1"]
[White "Pajeken, Jakob Leon"]
[Black "Ramsdal, Jens Albert"]
[Result "1-0"]
[WhiteElo "2420"]
[BlackElo "2383"]
[PlyCount "67"]
[EventDate "2023.08.12"]
[EventType "tourn"]
[EventRounds "9"]
[EventCountry "DEN"]
[EventCategory "8"]
[SourceTitle "CBM 215 Extra"]
[Source "ChessBase"]
[SourceDate "2023.09.30"]
[SourceVersion "1"]
[SourceVersionDate "2023.09.30"]
[SourceQuality "1"]

1. e4 c5 2. Nf3 d6 3. d4 cxd4 4. Nxd4 Nf6 5. Nc3 Nc6 6. Bg5 e6 7. Qd2 a6 8. 0-0-0 Bd7 9. Kb1 Be7 10. f3 Nxd4 11. Qxd4 Qc7 12. Qd2 b5 13. h4 b4 14. Ne2 a5 15. c4 bxc3 16. Nxc3 Rb8 17. a4 0-0 18. Nb5 Bxb5 19. Bxb5 Rfc8 20. Rc1 Qd8 21. g4 Rxc1+ 22. Rxc1 h6 23. Be3 Nd7 24. g5 h5 25. Rc6 d5 26. exd5 Bb4 27. Qc2 exd5 28. g6 Qe7 29. Qf5 fxg6 30. Qxd5+ Kh7 31. Bd3 Nf6 32. Rxf6 Bc3 33. Bxg6+ Kh8 34. Qxh5+ 1-0

[Event "Fredericia"]
[Site "Fredericia"]
[Date "2023.05.19"]
[Round "4"]
[White "Kistrup, Nicolai"]
[Black "Ramsdal, Jens Albert"]
[Result "0-1"]
[WhiteElo "2319"]
[BlackElo "2366"]
[PlyCount "72"]
[EventDate "2023.05.17"]
[EventType "tourn"]
[EventRounds "9"]
[EventCountry "DEN"]
[EventCategory "3"]
[SourceTitle "CBM 214 Extra"]
[Source "ChessBase"]
[SourceDate "2023.07.31"]
[SourceVersion "1"]
[SourceVersionDate "2023.07.31"]
[SourceQuality "1"]

1. d4 e6 2. e4 d5 3. Nc3 Bb4 4. e5 c5 5. a3 Bxc3+ 6. bxc3 Ne7 7. Qg4 Qc7 8. Bd3 cxd4 9. Ne2 dxc3 10. Qxg7 Rg8 11. Qxh7 Nbc6 12. f4 Bd7 13. Be3 0-0-0 14. Qxf7 Rdf8 15. Qh5 d4 16. Bf2 Rxg2 17. Bg3 Nd5 18. Be4 Ne3 19. Bf2 d3 20. cxd3 Nc2+ 21. Kf1 Rxf2+ 22. Kxf2 Qb6+ 23. Kg2 Nxa1 24. Rxa1 Qb2 25. Rf1 c2 26. Nc1 Nd4 27. Kh3 Qxa3 28. Qh6 Rg8 29. Bh7 Rd8 30. Be4 b5 31. Qg7 Qf8 32. Qxf8 Rxf8 33. Kg3 b4 34. Rf2 Rg8+ 35. Kh3 Rg1 36. Nb3 Ba4 0-1

[Event "Fredericia"]
[Site "Fredericia"]
[Date "2023.05.19"]
[Round "5"]
[White "Ramsdal, Jens Albert"]
[Black "Brynell, Stellan"]
[Result "0-1"]
[WhiteElo "2366"]
[BlackElo "2403"]
[PlyCount "88"]
[EventDate "2023.05.17"]
[EventType "tourn"]
[EventRounds "9"]
[EventCountry "DEN"]
[EventCategory "3"]
[SourceTitle "CBM 214 Extra"]
[Source "ChessBase"]
[SourceDate "2023.07.31"]
[SourceVersion "1"]
[SourceVersionDate "2023.07.31"]
[SourceQuality "1"]

1. Nf3 d5 2. g3 Nf6 3. Bg2 g6 4. 0-0 Bg7 5. d4 c6 6. c4 0-0 7. cxd5 cxd5 8. Bf4 Nc6 9. Ne5 Qb6 10. Nc3 Qxb2 11. Rc1 Bf5 12. Qa4 Rfd8 13. a3 Rac8 14. Nxc6 Rxc6 15. Nb5 Rxc1 16. Re1 Rd1 17. Rxd1 Bd7 18. Rc1 b6 19. Qxa7 Qxb5 20. Bf1 Qa5 21. Qc7 Rc8 22. Qxc8+ Bxc8 23. Rxc8+ Bf8 24. Bh6 Nd7 25. e3 f6 26. e4 Kf7 27. Be3 f5 28. exd5 Nf6 29. Bc4 Nxd5 30. Bf4 e6 31. Be5 Qxa3 32. Bb5 Qe7 33. Bc6 Bg7 34. Be8+ Qxe8 35. Rxe8 Bxe5 36. Rd8 Bxd4 37. Rd7+ Kf6 38. Rxh7 b5 39. Kf1 b4 40. Rb7 Nb6 41. Ke2 b3 42. Kd3 b2 43. Kc2 Nc4 44. Rb3 b1Q+ 0-1

[Event "DEN-ch cand"]
[Site "Svendborg"]
[Date "2023.04.05"]
[Round "3"]
[White "Ramsdal, Jens Albert"]
[Black "Loftgaard, Mikkel Vinh"]
[Result "1-0"]
[WhiteElo "2388"]
[BlackElo "2244"]
[PlyCount "43"]
[EventDate "2023.04.05"]
[EventType "swiss"]
[EventRounds "7"]
[EventCountry "DEN"]
[SourceTitle "CBM 213 Extra"]
[Source "ChessBase"]
[SourceDate "2023.05.31"]
[SourceVersion "1"]
[SourceVersionDate "2023.05.31"]
[SourceQuality "1"]

1. d4 Nf6 2. g3 e6 3. Bg2 d5 4. Nf3 Bd6 5. 0-0 0-0 6. c4 b6 7. cxd5 exd5 8. Nc3 Bb7 9. Qc2 a6 10. Nh4 Re8 11. Nf5 Bf8 12. Bg5 Re6 13. e4 h6 14. exd5 Re8 15. Bf4 Ra7 16. Rae1 Rxe1 17. Rxe1 Nxd5 18. Nxd5 Bxd5 19. Bxd5 Qxd5 20. Re8 c5 21. Bxb8 Rd7 22. Bd6 1-0

[Event "DEN-ch cand"]
[Site "Svendborg"]
[Date "2023.04.05"]
[Round "1"]
[White "Ramsdal, Jens Albert"]
[Black "Thuesen, Mogens Henrik"]
[Result "1-0"]
[WhiteElo "2388"]
[BlackElo "2156"]
[PlyCount "61"]
[EventDate "2023.04.05"]
[EventType "swiss"]
[EventRounds "7"]
[EventCountry "DEN"]
[SourceTitle "CBM 213 Extra"]
[Source "ChessBase"]
[SourceDate "2023.05.31"]
[SourceVersion "1"]
[SourceVersionDate "2023.05.31"]
[SourceQuality "1"]

1. e4 c5 2. Nf3 e6 3. g3 d5 4. exd5 exd5 5. d4 Nf6 6. Bg2 cxd4 7. 0-0 Be7 8. Nxd4 Bg4 9. Qd3 0-0 10. Nf5 Nc6 11. Be3 Ne5 12. Nxe7+ Qxe7 13. Qb5 a6 14. Bc5 Qe6 15. Qb3 Rfc8 16. Bd4 Bh3 17. Nc3 Bxg2 18. Kxg2 Rc4 19. Rad1 Ned7 20. Rfe1 Qc6 21. Kg1 h5 22. Ne2 Re8 23. Qf3 Rxc2 24. Bc3 Ne5 25. Qf5 g6 26. Qf4 Nd3 27. Rxd3 Rxc3 28. Rxc3 Qe6 29. Re3 Ne4 30. Nc3 g5 31. Rxe4 1-0

[Event "DEN-chT 2223 60th"]
[Site "Denmark"]
[Date "2023.03.26"]
[Round "9.3"]
[White "Hansen, Mads Smith"]
[Black "Ramsdal, Jens Albert"]
[Result "1/2-1/2"]
[WhiteElo "2375"]
[BlackElo "2318"]
[PlyCount "112"]
[EventDate "2022.10.29"]
[EventType "team-tourn"]
[EventRounds "9"]
[EventCountry "DEN"]
[SourceTitle "CBM 213 Extra"]
[Source "ChessBase"]
[SourceDate "2023.05.31"]
[SourceVersion "1"]
[SourceVersionDate "2023.05.31"]
[SourceQuality "1"]
[WhiteTeam "Obro"]
[BlackTeam "Copenhagen 68"]
[WhiteTeamCountry "DEN"]
[BlackTeamCountry "DEN"]

1. e4 e5 2. Nf3 Nc6 3. Nc3 Nf6 4. Bb5 Nd4 5. Nxd4 exd4 6. e5 dxc3 7. exf6 Qxf6 8. dxc3 Bc5 9. 0-0 0-0 10. Qh5 d6 11. Bg5 Qe5 12. Qh4 Bxf2+ 13. Rxf2 Qxb5 14. c4 Qxb2 15. Bf6 gxf6 16. Re1 c5 17. Kh1 f5 18. Rf3 Qd4 19. Qh6 f4 20. c3 Qg7 21. Qxf4 Bg4 22. Rg3 Rae8 23. Rxe8 Rxe8 24. h3 h5 25. hxg4 Re1+ 26. Kh2 h4 27. Rd3 Qe5 28. Qxe5 dxe5 29. Rd7 Rb1 30. Re7 b6 31. Rxe5 Rb2 32. Re7 Rxa2 33. Kh3 a5 34. Rb7 Rb2 35. Kxh4 Rb3 36. Kg5 Kg7 37. Kf5 Rxc3 38. Rxb6 Rxc4 39. Rb5 a4 40. Ra5 Kg8 41. g5 Kg7 42. g3 Rc1 43. Rxa4 c4 44. Ra7 c3 45. Rc7 c2 46. Kg4 Kf8 47. Rc8+ Ke7 48. Rc3 Ke6 49. Rc8 Ke5 50. g6 fxg6 51. Kg5 Ke4 52. Kxg6 Kf3 53. Rc3+ Kg4 54. Kg7 Kf5 55. Rc4 Rg1 56. Rxc2 Rxg3+ 1/2-1/2